000 00841nam a2200217Ia 4500
001 9906
003 GE_BSU
008 181216s||||||||xx |||||||||||||| ||und||
040 _cGE_BSU
080 _a821.353.1.09
100 _aნიკოლეიშვილი,ავთანდილ
245 _aXX საუკუნის ქართული ლიტერატურის ისტორიის ნარკვევები. წ.2
245 _cრედ.რევაზ მიშველაძე
260 _aქუთაისი
260 _bმოწამეთა
260 _c1997
300 _a480გვ.20სმ.
541 _h12ლ.
653 _aXX საუკუნის ქართული ლიტერატურის ისტორიის ნარკვევები
942 _cBK
999 _c43184
_d43184